Propuesta de sistema de gestión de calidad total para el proceso de reservación en el Hotel Casa San Juan, Managua
Realizar un diagnóstico del proceso de reservación que se lleva a cabo en el hotel Casa San Juan, identificar variables y atributos críticos que influyen directamente en el proceso de reservación, proponer un manual de calidad donde establezcan los elementos necesarios para mejorar el proceso de...
| Main Authors: | , |
|---|---|
| Other Authors: | |
| Format: | Tesis Section = Libro |
| Language: | Undetermined Spanish |
| Published: |
Managua
UNI
2006
|
| Subjects: |
| LEADER | 01452nam a2200265Ia 4500 | ||
|---|---|---|---|
| 008 | 240830s9999 xx 000 0 und d | ||
| 040 | |a BIBLIOTECA-RUPAP Mon 658.562 S689 | ||
| 041 | |a spa | ||
| 082 | |a Mon 658.562 S689 | ||
| 100 | 1 | |a Solórzano Román, Aleyda Vanesa | |
| 100 | 1 | |b Sarria Torres, Karla Melissa | |
| 245 | 1 | 0 | |a Propuesta de sistema de gestión de calidad total para el proceso de reservación en el Hotel Casa San Juan, Managua |
| 260 | |a Managua |b UNI |c 2006 | ||
| 300 | |a 100 p. :il. | ||
| 500 | |a Contiene: anexos e Incluye: CD. | ||
| 502 | |a Tesis (Ingeniero de Sistemas)- UNI, 2006. | ||
| 520 | 3 | |a Realizar un diagnóstico del proceso de reservación que se lleva a cabo en el hotel Casa San Juan, identificar variables y atributos críticos que influyen directamente en el proceso de reservación, proponer un manual de calidad donde establezcan los elementos necesarios para mejorar el proceso de reservación en el hotel, realizar un análisis de los costos e ingresos que obtendrá el hotel “Casa San Juan”mediante la implementación de un sistema de información automatizado para el proceso de reservación y facturación. | |
| 650 | 7 | |a CONTROL DE CALIDAD - APIARIOS MICROEMPRESA APICOLA | |
| 650 | 7 | |b DIAGNOSTICO | |
| 650 | 7 | |c CONTROL Y EMPAQUE DE PRODUCTOS MIEL | |
| 650 | 7 | |d CONTROL DE PROCESOS - MIEL | |
| 700 | 1 | |a Tutor: |b Ampie Martínez, Javier | |
| 942 | |c BK |2 ddc | ||
| 991 | |a TESIS | ||
| 999 | |c 17555 | ||